Ordeal by innocence / (Record no. 1021)

MARC details
000 -LEADER
fixed length control field 00691cam a2200229 a 4500
005 - DATE AND TIME OF LATEST TRANSACTION
control field 20260322212043.0
008 - FIXED-LENGTH DATA ELEMENTS--GENERAL INFORMATION
fixed length control field data
010 ## - LIBRARY OF CONGRESS CONTROL NUMBER
LC control number 85004398
020 ## - INTERNATIONAL STANDARD BOOK NUMBER
International Standard Book Number 0816145849 (lg. print)
Terms of availability {dollar}12.95
020 ## - INTERNATIONAL STANDARD BOOK NUMBER
International Standard Book Number 9780816145843 (lg. print)
Terms of availability {dollar}12.95
040 ## - CATALOGING SOURCE
Original cataloging agency DLC
Transcribing agency DLC
Modifying agency DLC
050 00 - LIBRARY OF CONGRESS CALL NUMBER
Classification number PR6005.H66
Item number O74 1985
082 00 - DEWEY DECIMAL CLASSIFICATION NUMBER
Classification number 823/.912
Edition information 21
001 - CONTROL NUMBER
control field data
100 1# - MAIN ENTRY--PERSONAL NAME
Personal name Christie, Agatha,
Dates associated with a name 1890-1976.
245 10 - TITLE STATEMENT
Title Ordeal by innocence /
Statement of responsibility, etc. Agatha Christie.
250 ## - EDITION STATEMENT
Edition statement Large print edition.
260 ## - PUBLICATION, DISTRIBUTION, ETC.
Place of publication, distribution, etc. Boston, MA :
Name of publisher, distributor, etc. G.K. Hall & Co.,
Date of publication, distribution, etc. [1989], c1958.
300 ## - PHYSICAL DESCRIPTION
Extent 374 p. ;
Dimensions 22 cm.
490 ## - SERIES STATEMENT
Series statement G.K. Hall large print book series
655 #7 - INDEX TERM--GENRE/FORM
Genre/form data or focus term Detective and mystery stories.
Source of term gsafd
Holdings
Withdrawn status Lost status Damaged status Not for loan Home library Current library Shelving location Date acquired Total checkouts Full call number Barcode Date last seen Price effective from Koha item type
        Franklin Franklin General stacks 22/03/2026   823/.912 21 BC0011055 22/03/2026 22/03/2026 Books